000 00339nam a2200133Ia 4500
005 20260326235443.0
008 260326s9999||||xx |||||||||||||| ||und||
100 _aDuffy, Francis
245 0 _aPlanning Office Space /
_cFrancis Duffy
260 _bButterworth Architecture
300 _a248 p.
650 _aARQUITECTURA CIVIL
942 _cBK
999 _c7473
_d7473